| 000 | 00761nam a22001577a 4500 | ||
|---|---|---|---|
| 008 | 090802t xxu||||| |||| 00| 0 eng d | ||
| 020 | _a9776010833 | ||
| 082 |
_a355.02184 _bع م ل |
||
| 245 |
_aالعمليات الاستشهادية: _bترف ام ممر أجبارى؟/ _cتحرير عبد التواب مصطفى (واخرون) |
||
| 260 |
_aالقاهرة: _bمكتبة دار الكلمة، _c2003 |
||
| 300 |
_a215 ؛ ص _c18 سم |
||
| 650 |
_98291 _aالفدائيون الفلسطينيون |
||
| 650 |
_98290 _aالمقاومة الفلسطينية |
||
| 942 |
_2ddc _cBB |
||
| 999 |
_c12498 _d12498 |
||